Stati del G20 - Statistics

Statistiche generali
  • Questo quiz è stato fatto 22 volte
  • Il punteggio medio è 18 su 18
Statistiche sulle risposte
Continente Nazione % Corretto
America del Sud Argentina
100%
Oceania Australia
100%
America del Sud Brasile
100%
America del Nord Canada
100%
Europa Francia
100%
Europa Germania
100%
Asia Giappone
100%
Asia India
100%
Asia Indonesia
100%
Europa Italia
100%
America del Nord Messico
100%
Asia / Europa Russia
100%
America del Nord Stati Uniti
100%
Asia Cina
95%
Europa Regno Unito
95%
Africa Sudafrica
95%
Asia Arabia Saudita
90%
Asia Corea del Sud
75%
Nessun quiz corrispondente trovato
Distribuzione punteggi
Percentuale di utenti per punteggio
Percentile per numero di risposta
I tuoi punteggi nel tempo
Non hai fatto questo quiz